Word Ladder: Atlas Shrugged Quiz Stats

 Plays Quiz Updated Mar 28, 2013

Support Sporcle.
Go Orange.
Score 0/15 Timer 02:00
0 Plays Today
Hint 4-Letter Word % Correct
Bring water to 212°FBOIL
98.4%
Metallic moneyCOIN
97.5%
A spring, essentiallyCOIL
93.7%
Bring together as oneJOIN
91.5%
Steel track for a trainRAIL
91.4%
A bondsmen's burdenBAIL
89.4%
Stop abruptlyHALT
83.8%
InvasionRAID
83.2%
Hint 4-Letter Word % Correct
Country music legend Williams (Jr. or Sr.)HANK
80%
Adam Smith's invisible appendageHAND
78.6%
Author of 'Atlas Shrugged' and 'The Fountainhead'RAND
76.6%
Listen closely, ala ShakespeareHARK
72.5%
StagHART
66.7%
With last clue, unknown man of 'Atlas Shrugged's opening lineJOHN
64.9%
With first clue, unknown man of 'Atlas Shrugged's opening lineGALT
30.1%

Today's Daily Dose

Word Ladder
ING Words

Get the Picture
Nearest Volcano

From the Vault

Supernatural Quotes

by rubyRat06

They couldn't have waited a few days to premiere Season 14 on the 14th?
Remove Ads.
Support Sporcle.
Get the best of Sporcle when you Go Orange. This ad-free experience offers more features, more stats, and more fun while also helping to support Sporcle. Thank you for becoming a member.

Show Comments

Extras

Top Quizzes Today


Score Distribution

Your Account Isn't Verified!

In order to create a playlist on Sporcle, you need to verify the email address you used during registration. Go to your Sporcle Settings to finish the process.

Report this User

Report this user for behavior that violates our Community Guidelines.

Details: